| 000 | 00652nam a2200205Ia 4500 | ||
|---|---|---|---|
| 005 | 20221109141509.0 | ||
| 008 | 131103s9999 xx 000 0 und d | ||
| 020 |
_a812150477 X _cRs.120 |
||
| 040 | _aLoreto College | ||
| 041 | _aEnglish | ||
| 082 |
_a954.02 _bSID |
||
| 100 | _aSiddiqi,Noman Ahmad | ||
| 245 |
_aLand revenue administration under the mughals (1700 - 1750) _cNoman Ahmad Siddiqi |
||
| 260 |
_aNew Delhi _bMunshiram Manoharlal Publishers _c1970 (1989 reprinted) Pvt. Ltd. |
||
| 300 | _avii,182 p. | ||
| 504 | _aIncludes index and bibliographical references | ||
| 650 | _aHistory - Medieval India | ||
| 850 | _aLCLIB | ||
| 942 | _cBK | ||
| 999 |
_c9536 _d60015 |
||